Egypt, energy and the environment critical sustainability perspectives /

Bibliographic Details
Corporate Author: ProQuest (Firm)
Other Authors: Selim, Tarek H.
Format: Electronic eBook
Language:English
Published: London : Adonis & Abbey, 2009.
Edition:1st ed.
Subjects:
Online Access:Click to View
LEADER 01567nam a2200385 a 4500
001 EBC3111166
003 MiAaPQ
005 20200520144314.0
006 m o d |
007 cr cn|||||||||
008 120906s2009 enka sb 001 0 eng d
020 |z 9781906704506 
020 |z 9781906704513 
035 |a (MiAaPQ)EBC3111166 
035 |a (Au-PeEL)EBL3111166 
035 |a (CaPaEBR)ebr10594049 
035 |a (OCoLC)811261258 
040 |a MiAaPQ  |c MiAaPQ  |d MiAaPQ 
043 |a f-ua--- 
050 4 |a HC830.Z9  |b E54 2009 
245 0 0 |a Egypt, energy and the environment  |h [electronic resource] :  |b critical sustainability perspectives /  |c edited by Tarek H. Selim. 
250 |a 1st ed. 
260 |a London :  |b Adonis & Abbey,  |c 2009. 
300 |a 339 p. :  |b ill. 
504 |a Includes bibliographical references and index. 
505 0 |a section 1. Sustainability -- section 2. Sustainable energy use -- section 3. Pollution control and management -- section 4. Environmental conservation. 
533 |a Electronic reproduction. Ann Arbor, MI : ProQuest, 2015. Available via World Wide Web. Access may be limited to ProQuest affiliated libraries. 
650 0 |a Energy development  |x Environmental aspects  |z Egypt. 
650 0 |a Energy policy  |z Egypt. 
650 0 |a Sustainable development  |x Environmental aspects  |z Egypt. 
650 0 |a Energy conservation  |z Egypt. 
655 4 |a Electronic books. 
700 1 |a Selim, Tarek H. 
710 2 |a ProQuest (Firm) 
856 4 0 |u https://ebookcentral.proquest.com/lib/matrademy/detail.action?docID=3111166  |z Click to View